| 000 | 00714nam a2200217 a 4500 | ||
|---|---|---|---|
| 005 | 20220914063758.0 | ||
| 008 | 020118s1996 es r 000 0 spa d | ||
| 020 | _a8427711808 | ||
| 035 | _aUPN01000114713 | ||
| 049 | _aCG | ||
| 050 | 4 |
_aLC4661 _bP6.28 |
|
| 100 | 1 | _aPointer, Bren | |
| 245 | 1 | 0 |
_aActividades motrices : _bpara niños y niñas con necesidades especiales / _cPointer, Bren ; tr. Sandra Nácher Roig. |
| 260 |
_aMadrid : _bNarcea, _c1996. |
||
| 300 | _a107 p. | ||
| 440 | 0 | _aEducación hoy | |
| 534 |
_pTraducción de: _tMovement activities for children with learning difficulties |
||
| 650 | 4 |
_aNIÑOS DE LENTO APRENDIZAJE _910314 |
|
| 650 | 7 |
_aEducación psicomotriz _2 _95394 |
|
| 905 | _aLibro | ||
| 999 |
_c88572 _d88572 |
||